000 00553nam a22002051c 4500
001 a987679422
008 170307s1997 gw |||| 000u rus d
020 _a5250025730
_95-250-02573-0
041 _arus
245 0 0 _aPrem'er izvestnyj i neizvestnyj :
_bvospominanija o A. N. Kosygine
264 _aMoskva :
_bRespublika,
_c1997
300 _a256 S. Fest.
600 0 _aKosygin, Aleksej N.
650 0 _aPolitik
651 0 _aSowjetunion
700 1 _aFetisov, T. I.
_eHerausgeberIn
942 _cMG
040 _cRU-10907106
003 RU-10907106
999 _c34654
_d34654